• 首页
  • 本馆介绍
  • 公告通知
  • 最新文献
  • 馆藏检索
  • 电子资源
  • 读者导购
  • 参考咨询
  • 我的图书馆
  • 登录
  • 详细信息显示
  • 放入我的书架
  • 预约/预借图书
  • 作者相关作品
  • 分类相关作品
  • 丛书相关作品
  • 出版社相关作品

书目信息

  • 表格格式
  • 工作单格式
  • 卡片格式
题名:
篆书章法
    
 
作者: 张永明 , 张永明 著
分册:  
出版信息: 北京   北京体育大学出版社  2003.10
页数: 108页
开本: 28cm
丛书名:
单 册:
中图分类: J292.31
科图分类:
主题词: 篆书--书法--中国
电子资源:
ISBN: 7-81003-749-8
000 00740nam0 2200265 450
001 CAL 012002016822
005 20040324144258.4
010    @a7-81003-749-8@dCNY22.00
099    @aCAL 012002016822
100    @a20041213d2003 em y0chiy0110 ea
101 0  @achi
102    @aCN@b110000
105    @ay z 000yy
200 1  @a篆书章法@AZhuan Shu Zhang Fa@f张永明著@Fzhang yong ming zhu
205    @a2版
210    @a北京@c北京体育大学出版社@d2003.10
215    @a108页@d28cm@e光盘1张
606 0  @a篆书@x书法@y中国
690    @aJ292.31@v4
701  0 @a张永明@Azhang yong meng@4著
701  0 @a张永明@Azhang yong ming@4著
801  0 @aCN@bGDGX@c20041213
905    @aBZT@dJ292.31@e1@f6
906    @dCNY10.80@n0@r1
998    @aSCNU
    
    篆书章法/张永明著.-2版.-北京:北京体育大学出版社,2003.10
    108页;28cm+光盘1张
    
    
    ISBN 7-81003-749-8:CNY22.00
    
●
相关链接 在五车中查询图书 在当当中查询图书 在豆瓣中查询图书


正题名:篆书章法     索取号:J292.31/1         预约/预借

序号 登录号 条形码 馆藏地/架位号 状态 备注
1 0376409   200891080   样本书库/样006架A面4层2列/ [索取号:J292.31/1] 在馆    
2 0376410   200891099   中心书库中库/ 中库018架A面7列1层14/ [索取号:J292.31/1] 在馆    
3 0376411   200891062   中心书库中库/ 中库018架A面7列1层17/ [索取号:J292.31/1] 在馆    
4 0376412   200891071   中心书库中库/ 中库018架A面7列1层16/ [索取号:J292.31/1] 在馆    
5 0376413   200891044   中心书库中库/ 中库018架A面7列1层15/ [索取号:J292.31/1] 在馆    
6 0376414   200891053   中心书库中库/ 中库020架A面1列6层23/ [索取号:J292.31/1] 在馆    
山东省滨州职业学院图书馆 欢迎您!
大连网信软件有限公司© 版权所有